Direito e Praxis

Detalles Bibliográficos
Formato: eBook
Lenguaje:portugués
Publicado: Rio de Janeiro: Universidade do Estado do Rio de Janeiro- Uerj, 2014 -
Materias:
Acceso en línea:Acceso restringido

MARC

LEADER 00000nam a22000007a 4500
005 2019101702282.0
007 cr|||| ||||
008 191017c20149999br qr|w s|||| 0|||b1por d
022 |a 2179-8966 
035 |a 22821 
040 |a vLex 
090 |c 9878  |d 9878 
245 0 0 |a Direito e Praxis  |h [Recurso electrn̤ico] / 
256 |a Servicio en ln̕ea 
260 |a Rio de Janeiro:  |b Universidade do Estado do Rio de Janeiro- Uerj,  |c 2014 - 
300 |a 1 recurso electrn̤ico 
310 |a Trimestral 
506 1 |a Disponible solo en los productos indicados  |d vLex Global  |d vLex Global (Academic Edition, excluding Law Schools)  |d vLex Global (U.S. Academic Edition, Law Schools)  |d vLex Global (U.S. Academic Edition, excluding Law Schools)  |d vLex Global (Academic Edition, Law Schools) 
650 0 4 |a Derecho Civil  |z Brasil 
740 0 |a vLex Revistas (Servicio en ln̕ea) 
856 4 0 |u http://vlex.com/source/22821  |z Acceso restringido 
942 |c REV 
999 0 |a Civil Law